000 00805nam a2200229Ia 4500
001 5300
003 GE_BSU
008 181216s||||||||xx |||||||||||||| ||und||
040 _cGE_BSU
080 _a614.18(075.8)
100 _aГордон В.О.; Семенцев- Огиевский; М.А.
245 _aКурс начертательной геометрии.
245 _bУчебник для машиностроительных механико-техническ спец. вузов
245 _cПод ред В.О. Гордона
250 _aизд. 14-ое пер и сокращ.
260 _aМосква
260 _bГосиздат
260 _c1962
300 _a359с 22см.
653 _aКурс начертательной геометрии.
942 _cBK
999 _c38887
_d38887